00986nam a2200265 a 450000100060000000300080000600500170001400800410003103500190007204000340009104100080012508200250013310000430015824500940020126000410029530000330033650400320036965000260040165100380042765100380046570000460050394200120054999900170056195201420057863804BD-RjUL20211209081232.017024 s1912 enkf b 000 0 eng  a(BD-RjUL)63934 aDLCcMBUdOCoLCdBD-RjULbeng aeng00a946.02223bWHA 19121 aWhishaw, Bernhard,d1857-1914.918940510aArabic Spain :bsidelights on her history and art /cby Bernhard and Ellen M. Whishaw ... aLondon :bSmith, Elder & co.,c1912. axv, 421 p. :bill, ;c22 cm. aBibliography: p. [xiii]-xv. 0aArabszSpain.9189406 0aSpainxHistoryy711-1516.9189407 0aSeville (Spain)xHistory.91894081 aWhishaw, Ellen M.,ejoint author.9189409 2ddccBK c63804d63804 00102ddc40718NFICaRUCLbRUCLcReadingd1968-11-16eA. H. Qurchig21.77l0o946.02 WHA 1912r2017-02-04 00:00:00tC-1w2017-02-04yBK